00674nam a22002055i 4500001000700000003000900007005001700016008004100033040002000074100002100094245004000115250003000155260008400185300002200269490002900291490002800320830002900348830002800377852006300405158381ES-MaACL20230906211122.0040830s1888 sp |||| | spa d aCAM bspa cCAM1 aMacé, Gustave.10aMi primer crimen / cpor G. Macé. a1ª versión española. aMadrid : bJ.F. Romero editor, c1888 (fEstablecimiento tipográfico de I.M.) a442 p. ; c19 cm.1 aBiblioteca internacional1 aLa policía parisiense0 aBiblioteca internacional0 aLa policía parisiense aES-MaACLjD-2038 z-- Sin enc. z-- Legado M. de la Fuente